MARC details
| 000 -CABECERA |
| campo de control de longitud fija |
01932 a2200253 4500 |
| 005 - FECHA Y HORA DE LA ÚLTIMA TRANSACCIÓN |
| campo de control |
20250924063931.0 |
| 008 - ELEMENTOS DE LONGITUD FIJA--INFORMACIÓN GENERAL |
| campo de control de longitud fija |
240124c2023 sp|fr|p|o|||| 00| 0 spa d |
| 040 ## - FUENTE DE LA CATALOGACIÓN |
| Centro catalogador/agencia de origen |
UPN |
| Lengua de catalogación |
spa |
| Centro/agencia transcriptor |
UPN |
| Normas de descripción |
aacr2 |
| 100 1# - ASIENTO PRINCIPAL--NOMBRE PERSONAL |
| 9 (RLIN) |
38563 |
| Nombre de persona |
Arlandis, Sergio |
| 100 1# - ASIENTO PRINCIPAL--NOMBRE PERSONAL |
| Nombre de persona |
Rodríguez Cabrera, Josep M. |
| 9 (RLIN) |
50864 |
| 245 1# - MENCIÓN DE TÍTULO |
| Título |
¿Y si hacemos un casting? propuesta educativa para trabajar la lij con futuros docentes |
| Medio |
[recurso electrónico en línea] |
| 506 0# - NOTA DE RESTRICCIONES AL ACCESO |
| Limitaciones de acceso |
Acceso abierto |
| 520 3# - NOTA DE RESUMEN, ETC. |
| Sumario, etc. |
Cada día resulta más difícil motivar a la lectura literaria a las y los futuros docentes, bien porque carecen de conocimientos, o de hábitos lectores, de motivación o de orientaciones de cómo ahondar en la lectura, de un modo significativo, entretenido y constructivo. Esta es una realidad latente en nuestro actual panorama universitario. Sobre estas líneas se plantea una secuencia didáctica que logre trabajar diferentes aspectos, tanto de contenido, como procedimentales y actitudinales, poniendo en valor el uso de las TICs, de una manera productiva y no solo desde la etiqueta de la innovación per-se. Incentivar la lectura activa, la creatividad, la cooperación a través de un mejor y mayor conocimiento de la Literatura Infantil y Juvenil constituye la base de esta propuesta cuyo eje es dar forma y visibilidad a muchos aspectos que atañen a la formación literaria de las y los futuros maestros. |
| 650 #4 - ASIENTO SECUNDARIO DE MATERIA - TERMINO TEMATICO |
| Término de materia o nombre geográfico como elemento de entrada |
Tecnologías de la información y comunicación |
| 9 (RLIN) |
21219 |
| 653 ## - TERMINO DE INDIZACION - NO CONTROLADO |
| Término no controlado |
Motivación |
| 653 ## - TERMINO DE INDIZACION - NO CONTROLADO |
| Término no controlado |
Hábito lector |
| 653 ## - TERMINO DE INDIZACION - NO CONTROLADO |
| Término no controlado |
Literatura infantil y juvenil |
| 653 ## - TERMINO DE INDIZACION - NO CONTROLADO |
| Término no controlado |
Hipertexto |
| 773 0# - ENLACE AL DOCUMENTO FUENTE/ENTRADA DE REGISTRO ANFITRIÓN |
| Título |
Contextos educativos : revista de educación |
| Número Internacional Normalizado para Publicaciones Seriadas |
1695-5714 |
| Parte(s) relacionada(s) |
No. 32 (2023), p. 147-161 |
| 856 4# - LOCALIZACIÓN Y ACCESO ELECTRÓNICOS |
| Identificador Uniforme del Recurso |
<a href="https://publicaciones.unirioja.es/ojs/index.php/contextos/article/view/5688/4142">https://publicaciones.unirioja.es/ojs/index.php/contextos/article/view/5688/4142</a> |
| 856 4# - LOCALIZACIÓN Y ACCESO ELECTRÓNICOS |
| Identificador Uniforme del Recurso |
<a href="http://doi.org/10.18172/con.5688">http://doi.org/10.18172/con.5688</a> |
| 902 ## - ELEMENTOS DE DATOS B LOCAL, LDB (RLIN) |
| Creó |
Gloria Jiménez/240124 |
| 942 ## - ELEMENTOS DE PUNTO DE ACCESO ADICIONAL (KOHA) |
| Tipo de ítem Koha |
Artículo Electrónico |